[Event "Regionalliga Sued-West 1718"]
[White "Haubrich, Michael"]
[Black "Rost, Vincent"]
[Site "Bayern"]
[Round "9.8"]
[Result "1/2-1/2"]
[Date "2018.04.15"]
[WhiteElo "1930"]
[BlackElo "1874"]
[PlyCount "59"]
[EventDate "2017.10.22"]
[EventType "team-tourn"]
[EventRounds "9"]
[EventCountry "GER"]
[SourceTitle "EXT 2022"]
[Source "ChessBase"]
[SourceDate "2021.10.06"]
[SourceVersion "1"]
[SourceVersionDate "2021.10.06"]
[SourceQuality "1"]
[WhiteTeam "Mering"]
[BlackTeam "Zugzwang MSA II"]
[WhiteTeamCountry "GER"]
[BlackTeamCountry "GER"]

1. d4 Nf6 2. Nf3 b6 3. Bf4 Bb7 4. e3 e6 5. Be2 Be7 6. h3 0-0 7. 0-0 d6 8. c3 Nbd7 9. Nbd2 c5 10. Nc4 d5 11. Nce5 Ne4 12. Qa4 Nxe5 13. Nxe5 Bd6 14. Rad1 f6 15. Nf3 Bxf4 16. exf4 Qc7 17. g3 Nd6 18. Bd3 Nf7 19. Qc2 f5 20. Qe2 Rae8 21. Rde1 h6 22. Nh4 Nd6 23. Qe5 Qd7 24. Qe3 Qc7 25. Ng6 Rf6 26. Ne5 Nf7 27. Nf3 Nd6 28. Qe5 Qd7 29. Qe3 Qc7 30. Qe5 1/2-1/2

[Event "Bad Godesberg op 17th"]
[White "Rost, Vincent"]
[Black "Rosskothen, Arnd"]
[Site "Bad Godesberg"]
[Round "1"]
[Result "0-1"]
[Date "2013.08.03"]
[WhiteElo "1732"]
[BlackElo "2147"]
[PlyCount "82"]
[EventDate "2013.08.03"]
[EventType "swiss"]
[EventRounds "9"]
[EventCountry "GER"]
[SourceTitle "CBM 155 Extra"]
[Source "ChessBase"]
[SourceDate "2013.08.26"]
[SourceVersion "1"]
[SourceVersionDate "2013.08.26"]
[SourceQuality "1"]

1. c4 c5 2. g3 Nc6 3. Bg2 g6 4. Nc3 Bg7 5. Nf3 h5 6. d3 Nh6 7. 0-0 d6 8. Bd2 Nf5 9. h4 0-0 10. Rb1 a5 11. e3 e6 12. e4 Nfd4 13. Nxd4 cxd4 14. Nb5 e5 15. b3 Qe7 16. a3 f5 17. exf5 Bxf5 18. Bg5 Qd7 19. Kh2 Kh7 20. Qd2 Nd8 21. Qc2 Ne6 22. Bd2 Nc5 23. Be4 Nxe4 24. dxe4 Bg4 25. f4 b6 26. Qd3 Rae8 27. Rbe1 exf4 28. Bxf4 Be5 29. Nxd4 Rf7 30. Nf3 Bxf3 31. Rxf3 Qg4 32. Ref1 Ref8 33. Qe3 g5 34. hxg5 h4 35. g6+ Kxg6 36. Rg1 Kh7 37. gxh4 Bxf4+ 38. Rxf4 Qxf4+ 39. Qxf4 Rxf4 40. Rd1 Rxh4+ 41. Kg3 Rh6 0-1